[Event "Winterthur op 12th"]
[Site "Winterthur"]
[Date "2012.10.09"]
[Round "4"]
[White "Fleischer, Eugen"]
[Black "Milosevic, Gligor"]
[Result "0-1"]
[WhiteElo "1999"]
[BlackElo "2158"]
[PlyCount "58"]
[EventDate "2012.10.06"]
[EventType "swiss"]
[EventRounds "9"]
[EventCountry "SUI"]
[SourceTitle "CBM 150 Extra"]
[Source "ChessBase"]
[SourceDate "2012.10.19"]
[SourceVersion "1"]
[SourceVersionDate "2012.10.19"]
[SourceQuality "1"]

1. c4 Nf6 2. g3 e5 3. Bg2 Nc6 4. Nc3 Bc5 5. e3 0-0 6. Nge2 Re8 7. d3 d6 8. 0-0 Bg4 9. h3 Bxe2 10. Qxe2 Qd7 11. Nd5 Nxd5 12. cxd5 Ne7 13. Rb1 a5 14. b3 Bb6 15. Bb2 a4 16. b4 Qb5 17. Rfc1 Nxd5 18. Qf3 c6 19. Bf1 Nf6 20. Qf5 Qd5 21. a3 Qe6 22. Qf3 d5 23. Bg2 Rad8 24. Qd1 Qf5 25. d4 Ne4 26. Qc2 exd4 27. Bxd4 Bxd4 28. exd4 Nxg3 29. fxg3 Re1+ 0-1

[Event "Winterthur op 12th"]
[Site "Winterthur"]
[Date "2012.10.07"]
[Round "2"]
[White "Gleizerov, Evgeny"]
[Black "Fleischer, Eugen"]
[Result "1-0"]
[WhiteElo "2564"]
[BlackElo "1999"]
[PlyCount "25"]
[EventDate "2012.10.06"]
[EventType "swiss"]
[EventRounds "9"]
[EventCountry "SUI"]
[SourceTitle "CBM 150 Extra"]
[Source "ChessBase"]
[SourceDate "2012.10.19"]
[SourceVersion "1"]
[SourceVersionDate "2012.10.19"]
[SourceQuality "1"]

1. d4 Nf6 2. c4 g6 3. Nc3 d5 4. cxd5 Nxd5 5. Bd2 Bg7 6. e4 Nb6 7. Be3 0-0 8. h3 Nc6 9. Nf3 e5 10. d5 Na5 11. Bxb6 cxb6 12. b4 Qc7 13. Nb5 1-0

[Event "SUI-ch Seniors"]
[Site "Leukerbad"]
[Date "2011.07.13"]
[Round "7"]
[White "Fleischer, Eugen"]
[Black "Bhend, Edwin"]
[Result "0-1"]
[WhiteElo "1917"]
[BlackElo "2257"]
[PlyCount "60"]
[EventDate "2011.07.07"]
[EventType "tourn"]
[EventRounds "9"]
[EventCountry "SUI"]
[SourceTitle "EXT 2024"]
[Source "ChessBase"]
[SourceDate "2023.10.10"]
[SourceVersion "1"]
[SourceVersionDate "2023.10.10"]
[SourceQuality "1"]

1. c4 e6 2. g3 d5 3. Bg2 c6 4. b3 dxc4 5. bxc4 Qd4 6. Nc3 Qxc4 7. Nf3 Nf6 8. 0-0 Nbd7 9. Bb2 Be7 10. d3 Qb4 11. Rb1 Qa5 12. Qc2 0-0 13. Rfc1 Nb6 14. Nd2 Bd7 15. d4 Rab8 16. e4 Qh5 17. e5 Nfd5 18. Nce4 f5 19. Nc5 Qh6 20. a4 Be8 21. a5 Nd7 22. Nxd7 Bxd7 23. Nc4 f4 24. Be4 Be8 25. Ba3 Bxa3 26. Nxa3 Bg6 27. Re1 f3 28. Qc4 Qh3 29. Qf1 Qxf1+ 30. Kxf1 Bxe4 0-1

[Event "SUI-ch Seniors"]
[Site "Leukerbad"]
[Date "2011.07.09"]
[Round "3"]
[White "Fleischer, Eugen"]
[Black "Vucenovic, Dragomir"]
[Result "0-1"]
[WhiteElo "1917"]
[BlackElo "2247"]
[PlyCount "88"]
[EventDate "2011.07.07"]
[EventType "tourn"]
[EventRounds "9"]
[EventCountry "SUI"]
[SourceTitle "EXT 2024"]
[Source "ChessBase"]
[SourceDate "2023.10.10"]
[SourceVersion "1"]
[SourceVersionDate "2023.10.10"]
[SourceQuality "1"]

1. Nf3 c5 2. c4 Nc6 3. d4 cxd4 4. Nxd4 g6 5. e4 Bg7 6. Be3 Nf6 7. Nc3 Qa5 8. f3 0-0 9. Be2 d6 10. 0-0 Qb6 11. Qd2 Nxe4 12. fxe4 Bxd4 13. Bxd4 Qxd4+ 14. Qxd4 Nxd4 15. Bd3 Be6 16. Rad1 Nc6 17. b3 Ne5 18. h3 a6 19. Nd5 Bxd5 20. exd5 f5 21. g3 Rac8 22. Kg2 Kg7 23. Be2 h5 24. Rde1 Rf7 25. h4 a5 26. Rf4 b6 27. Bf1 Nd7 28. Bd3 Nc5 29. Bb1 Re8 30. Rd4 Rf6 31. Red1 Kf7 32. Kf3 e5 33. dxe6+ Rexe6 34. Bc2 Ke7 35. Rf4 Re5 36. Rfd4 Rfe6 37. R1d2 Re3+ 38. Kf2 Rc3 39. Bd3 Re5 40. Rd1 Ne6 41. Rd5 Rxd5 42. cxd5 Nc7 43. g4 hxg4 44. h5 gxh5 0-1

[Event "Zuerich op-B 34th"]
[Site "Zuerich"]
[Date "2010.12.27"]
[Round "3"]
[White "Fleischer, Eugen"]
[Black "Arcuti, Davide"]
[Result "1/2-1/2"]
[WhiteElo "1925"]
[BlackElo "1790"]
[PlyCount "67"]
[EventDate "2010.12.26"]
[EventType "swiss"]
[EventRounds "7"]
[EventCountry "SUI"]
[SourceTitle "CBM 140 Extra"]
[Source "ChessBase"]
[SourceDate "2011.03.01"]
[SourceVersion "1"]
[SourceVersionDate "2011.03.01"]
[SourceQuality "1"]

1. Nf3 d5 2. c4 c6 3. b3 Nf6 4. g3 e6 5. Bg2 Bd6 6. Bb2 Nbd7 7. d4 0-0 8. 0-0 Qe7 9. Ne5 Rd8 10. Nd2 Ne8 11. Nxd7 Bxd7 12. Qc2 Nf6 13. e4 dxe4 14. Nxe4 Nxe4 15. Bxe4 h6 16. Rfe1 Re8 17. a3 Rac8 18. Qd2 b5 19. c5 Bc7 20. b4 Qd8 21. Rad1 a5 22. Bc2 f5 23. Qe2 a4 24. Qh5 Qg5 25. Qxg5 hxg5 26. Bc1 Bd8 27. Re2 Bf6 28. f4 g4 29. Kg2 Kf7 30. Bb1 Rcd8 31. Ba2 Re7 32. Be3 Bc8 33. Bg1 Ree8 34. Red2 1/2-1/2

[Event "Zuerich op-B 34th"]
[Site "Zuerich"]
[Date "2010.12.27"]
[Round "2"]
[White "Voegeli, Max"]
[Black "Fleischer, Eugen"]
[Result "0-1"]
[WhiteElo "1803"]
[BlackElo "1925"]
[PlyCount "64"]
[EventDate "2010.12.26"]
[EventType "swiss"]
[EventRounds "7"]
[EventCountry "SUI"]
[SourceTitle "CBM 140 Extra"]
[Source "ChessBase"]
[SourceDate "2011.03.01"]
[SourceVersion "1"]
[SourceVersionDate "2011.03.01"]
[SourceQuality "1"]

1. e4 d6 2. d4 Nf6 3. Nc3 g6 4. Be2 Bg7 5. h4 c5 6. dxc5 Qa5 7. Qd3 Qxc5 8. Be3 Qa5 9. h5 Nxh5 10. Bxh5 Bxc3+ 11. bxc3 gxh5 12. Ne2 Nc6 13. Nf4 Bg4 14. Nd5 Rg8 15. f3 Ne5 16. Qe2 Be6 17. Bd4 Nc6 18. Kf2 Bxd5 19. Rxh5 Bc4 20. Rxa5 Bxe2 21. Rh5 Bc4 22. Rxh7 Rc8 23. a4 Ba6 24. Rh8 Rxh8 25. Bxh8 Kd7 26. Rh1 Ne5 27. f4 Ng6 28. Bd4 Nxf4 29. Rh7 Ne6 30. Bxa7 Rxc3 31. Rxf7 Rxc2+ 32. Kg1 Rc4 0-1

[Event "Ascona Seniors op 8th"]
[Site "Ascona"]
[Date "2009.11.05"]
[Round "?"]
[White "Koch, Werner"]
[Black "Fleischer, Eugen"]
[Result "1/2-1/2"]
[WhiteElo "1804"]
[BlackElo "2044"]
[PlyCount "63"]
[EventDate "2009.11.02"]
[EventType "swiss"]
[EventRounds "9"]
[EventCountry "SUI"]
[SourceTitle "EXT 2022"]
[Source "ChessBase"]
[SourceDate "2021.10.06"]
[SourceVersion "1"]
[SourceVersionDate "2021.10.06"]
[SourceQuality "1"]

1. Nf3 g6 2. c4 Bg7 3. d4 Nf6 4. Nc3 d5 5. cxd5 Nxd5 6. e4 Nxc3 7. bxc3 0-0 8. Be3 c5 9. Qd2 Qa5 10. Rd1 Bg4 11. Be2 Nc6 12. 0-0 Rfd8 13. Qb2 Bxf3 14. Bxf3 Rd7 15. e5 e6 16. Bxc6 bxc6 17. Rb1 cxd4 18. cxd4 Qd5 19. Qc2 c5 20. Rb5 Bf8 21. Rfb1 h5 22. f4 Rad8 23. dxc5 Qc6 24. Rb8 Kh7 25. Rxd8 Rxd8 26. h3 Rc8 27. Rc1 Kg7 28. Qf2 Be7 29. Rc2 Qd5 30. c6 Bh4 31. g3 Bxg3 32. Qd2 1/2-1/2

[Event "Winterthur op 9th"]
[Site "Winterthur"]
[Date "2009.10.07"]
[Round "6"]
[White "Kessler, Luca"]
[Black "Fleischer, Eugen"]
[Result "1-0"]
[WhiteElo "2027"]
[BlackElo "2045"]
[PlyCount "80"]
[EventDate "2009.10.03"]
[EventType "swiss"]
[EventRounds "9"]
[EventCountry "SUI"]
[SourceTitle "CBM 132 Extra"]
[Source "ChessBase"]
[SourceDate "2009.11.03"]
[SourceVersion "1"]
[SourceVersionDate "2009.11.03"]
[SourceQuality "1"]

1. Nf3 g6 2. c4 Bg7 3. Nc3 c5 4. g3 Nc6 5. Bg2 d6 6. 0-0 e5 7. e3 Nge7 8. a3 0-0 9. d3 h6 10. Rb1 a5 11. Nd2 Kh7 12. Nd5 Nxd5 13. cxd5 Ne7 14. b4 cxb4 15. axb4 a4 16. b5 Bd7 17. Ba3 Nc8 18. Nc4 Be8 19. Qd2 f5 20. Qb4 Rf6 21. f4 Bf8 22. Qc3 exf4 23. gxf4 Rf7 24. b6 Ra6 25. Qb4 Rg7 26. e4 Rf7 27. Kh1 Bd7 28. Qb2 Bg7 29. e5 Be8 30. Qf2 dxe5 31. fxe5 Rd7 32. Qc5 Ne7 33. e6 Rxd5 34. Qxe7 Qxe7 35. Bxe7 Rxd3 36. Nd6 Rxd6 37. Bxd6 Bd4 38. Bxb7 a3 39. h3 Rxb6 40. Rxb6 Bxb6 1-0

[Event "Zuerich op-A 32nd"]
[Site "Zuerich"]
[Date "2008.12.29"]
[Round "5"]
[White "Fleischer, Eugen"]
[Black "Peredy, Ferenc"]
[Result "0-1"]
[WhiteElo "2030"]
[BlackElo "2252"]
[PlyCount "50"]
[EventDate "2008.12.26"]
[EventType "swiss"]
[EventRounds "7"]
[EventCountry "SUI"]
[SourceTitle "CBM 127 Extra"]
[Source "ChessBase"]
[SourceDate "2009.01.08"]
[SourceVersion "2"]
[SourceVersionDate "2009.01.28"]
[SourceQuality "1"]

1. Nf3 d5 2. c4 dxc4 3. Na3 c5 4. Nxc4 b5 5. Ne3 Bb7 6. Qb3 a6 7. a4 b4 8. d3 e6 9. Nc4 a5 10. Bf4 Nf6 11. e3 Be7 12. Be2 0-0 13. 0-0 Nh5 14. Bxb8 Rxb8 15. Rfd1 Nf6 16. d4 Qc7 17. Rac1 Bd5 18. Qc2 Rfc8 19. Ncd2 Qb7 20. Qd3 cxd4 21. Qxd4 Rd8 22. Qf4 Bc6 23. b3 Nd5 24. Qc4 Rbc8 25. Nb1 Bxa4 0-1

[Event "Ascona Seniors op 7th"]
[Site "Ascona"]
[Date "2008.11.11"]
[Round "8"]
[White "Fleischer, Eugen"]
[Black "Malinverno, Gianni"]
[Result "1-0"]
[WhiteElo "2030"]
[BlackElo "2112"]
[PlyCount "85"]
[EventDate "2008.11.03"]
[EventType "swiss"]
[EventRounds "9"]
[EventCountry "SUI"]
[SourceTitle "EXT 2022"]
[Source "ChessBase"]
[SourceDate "2021.10.06"]
[SourceVersion "1"]
[SourceVersionDate "2021.10.06"]
[SourceQuality "1"]

1. Nf3 d5 2. c4 e6 3. g3 c5 4. Bg2 Nf6 5. 0-0 Be7 6. cxd5 exd5 7. d4 0-0 8. Nc3 Nc6 9. Bg5 cxd4 10. Nxd4 h6 11. Bf4 a6 12. Rc1 Nxd4 13. Qxd4 Be6 14. Rfd1 Rc8 15. Nxd5 Rxc1 16. Bxc1 Nxd5 17. Bxd5 Bf6 18. Qc4 Qd7 19. e4 Rc8 20. Qe2 Bxd5 21. exd5 Re8 22. Qd3 Rc8 23. Kg2 b5 24. a4 Rc4 25. axb5 axb5 26. Qf3 Be5 27. Qe2 Bd6 28. Be3 Qf5 29. Qd3 Qd7 30. Ra1 Qc8 31. Bd4 f5 32. Ra7 Bf8 33. Be5 Re4 34. Bd4 g6 35. f3 Re8 36. Qc3 Qxc3 37. bxc3 Rd8 38. Ra6 Kh7 39. Rf6 h5 40. Bb6 Rb8 41. Bc7 Rc8 42. d6 Kg7 43. Rxf8 1-0

[Event "SUI-ch Seniors"]
[Site "Samnaun"]
[Date "2008.07.17"]
[Round "8"]
[White "Fleischer, Eugen"]
[Black "Karl, Hans"]
[Result "1/2-1/2"]
[WhiteElo "1994"]
[BlackElo "2246"]
[PlyCount "27"]
[EventDate "2008.07.08"]
[EventType "tourn"]
[EventRounds "9"]
[EventCountry "SUI"]
[SourceTitle "CBM 125 Extra"]
[Source "ChessBase"]
[SourceDate "2008.09.01"]
[SourceVersion "1"]
[SourceVersionDate "2008.09.01"]
[SourceQuality "1"]

1. Nf3 Nf6 2. c4 g6 3. g3 Bg7 4. Bg2 d6 5. 0-0 0-0 6. Nc3 e5 7. d3 c6 8. Rb1 Re8 9. Bg5 h6 10. Bxf6 Qxf6 11. b4 Be6 12. a4 Nd7 13. Nd2 Rec8 14. Nb3 1/2-1/2

[Event "SUI-ch Seniors"]
[Site "Samnaun"]
[Date "2008.07.13"]
[Round "4"]
[White "Morf, Juerg Walter"]
[Black "Fleischer, Eugen"]
[Result "0-1"]
[WhiteElo "1980"]
[BlackElo "1994"]
[PlyCount "118"]
[EventDate "2008.07.08"]
[EventType "tourn"]
[EventRounds "9"]
[EventCountry "SUI"]
[SourceTitle "CBM 125 Extra"]
[Source "ChessBase"]
[SourceDate "2008.09.01"]
[SourceVersion "1"]
[SourceVersionDate "2008.09.01"]
[SourceQuality "1"]

1. e4 d6 2. d3 g6 3. g3 Bg7 4. Bg2 Nf6 5. h3 0-0 6. f4 c5 7. c3 Nc6 8. Be3 Rb8 9. Nd2 Qc7 10. Ngf3 b5 11. a3 a5 12. Rc1 Ba6 13. g4 b4 14. c4 Nd7 15. Rb1 bxa3 16. bxa3 Rxb1 17. Nxb1 Rb8 18. 0-0 Rb2 19. Rf2 Qb6 20. Rxb2 Qxb2 21. Ne1 Nd4 22. Bxd4 Bxd4+ 23. Kh2 Nb6 24. Qc2 Bc8 25. Qxb2 Bxb2 26. Bf3 Bd7 27. Bd1 Bc6 28. f5 e6 29. fxe6 fxe6 30. Ng2 d5 31. cxd5 exd5 32. Bb3 Kg7 33. exd5 Nxd5 34. g5 Be5+ 35. Kg1 Ne7 36. Nd2 Nf5 37. Ne4 a4 38. Bd1 Bb2 39. Kf1 Bxa3 40. Nf4 Nd4 41. Nc3 Bc1 42. Nfe2 Nxe2 43. Kxe2 a3 44. h4 Bb2 45. Kd2 Bd5 46. Kc2 Be6 47. Bf3 Kf7 48. Nd5 Bd4 49. Kb3 Bf5 50. Kxa3 Bxd3 51. Nf4 Bc4 52. h5 Be3 53. hxg6+ hxg6 54. Nh3 Ke6 55. Bg4+ Ke5 56. Kb2 Kd4 57. Kc2 Bd3+ 58. Kd1 c4 59. Be2 c3 0-1

[Event "Zuerich Seniors op 05th"]
[Site "Zuerich"]
[Date "2007.01.31"]
[Round "8"]
[White "Ludwig, Anton"]
[Black "Fleischer, Eugen"]
[Result "0-1"]
[WhiteElo "1742"]
[BlackElo "1867"]
[PlyCount "90"]
[EventDate "2007.01.22"]
[EventType "swiss"]
[EventRounds "9"]
[EventCountry "SUI"]
[SourceTitle "EXT 2022"]
[Source "ChessBase"]
[SourceDate "2021.10.06"]
[SourceVersion "1"]
[SourceVersionDate "2021.10.06"]
[SourceQuality "1"]

1. d4 Nf6 2. Nf3 g6 3. e3 Bg7 4. Bd3 0-0 5. 0-0 d6 6. Nbd2 Nbd7 7. e4 e5 8. c3 Re8 9. d5 Nc5 10. Bc2 a5 11. h3 Bd7 12. a4 Rf8 13. Re1 Qe8 14. b3 Nh5 15. Nf1 f5 16. exf5 gxf5 17. Be3 b6 18. Bxc5 bxc5 19. Qd2 Kh8 20. Rad1 Rg8 21. Kh2 Qf8 22. g3 Bh6 23. Qe2 Nf6 24. Nh4 f4 25. c4 Re8 26. Nd2 Bg5 27. Nhf3 Qh6 28. Ng1 fxg3+ 29. fxg3 Nh5 30. Ne4 Bf4 31. Rd3 Bf5 32. Rf3 Bxe4 33. gxf4 Bxf3 34. Qxf3 Qxf4+ 35. Qxf4 Nxf4 36. Be4 Rb8 37. Re3 Rg7 38. h4 Rbg8 39. Ne2 Nxe2 40. Rxe2 Rg4 41. Bg2 Rxh4+ 42. Bh3 Rg5 43. Re3 Kg7 44. Rf3 e4 45. Re3 Kf6 0-1

[Event "Adelboden Seniors op 4th"]
[Site "Adelboden"]
[Date "2006.06.28"]
[Round "9"]
[White "Benz, Urs"]
[Black "Fleischer, Eugen"]
[Result "0-1"]
[WhiteElo "1727"]
[BlackElo "1854"]
[PlyCount "54"]
[EventDate "2006.06.19"]
[EventType "swiss"]
[EventRounds "9"]
[EventCountry "SUI"]
[SourceTitle "EXT 2007"]
[Source "ChessBase"]
[SourceDate "2006.11.23"]
[SourceVersion "1"]
[SourceVersionDate "2006.11.23"]
[SourceQuality "1"]

1. e4 d6 2. d4 Nf6 3. Nc3 g6 4. f4 Bg7 5. Nf3 c5 6. dxc5 Qa5 7. Qd3 0-0 8. cxd6 Nxe4 9. Bd2 Nxd2 10. Nxd2 Bf5 11. Nc4 Qc5 12. Qd2 b5 13. dxe7 Qxe7+ 14. Ne3 Rd8 15. Ncd5 Rxd5 16. Qxd5 Qxe3+ 17. Be2 Be4 18. Qd8+ Bf8 19. Qd2 Qxd2+ 20. Kxd2 Bxg2 21. Rhg1 Bc6 22. Rad1 Nd7 23. Kc1 Nc5 24. Rg3 Ne4 25. Rb3 a6 26. Kb1 Re8 27. Bf3 Nd2+ 0-1

[Event "Adelboden Seniors op 4th"]
[Site "Adelboden"]
[Date "2006.06.20"]
[Round "2"]
[White "Bachmann, Werner"]
[Black "Fleischer, Eugen"]
[Result "0-1"]
[WhiteElo "1551"]
[BlackElo "1854"]
[PlyCount "86"]
[EventDate "2006.06.19"]
[EventType "swiss"]
[EventRounds "9"]
[EventCountry "SUI"]
[SourceTitle "EXT 2007"]
[Source "ChessBase"]
[SourceDate "2006.11.23"]
[SourceVersion "1"]
[SourceVersionDate "2006.11.23"]
[SourceQuality "1"]

1. d4 Nf6 2. Nf3 g6 3. Nbd2 Bg7 4. e4 d6 5. c3 0-0 6. Be2 Nc6 7. h3 e5 8. d5 Ne7 9. 0-0 Nd7 10. Re1 f5 11. Bd3 Nf6 12. Nf1 Kh8 13. c4 fxe4 14. Bxe4 Nxe4 15. Rxe4 Nf5 16. g4 Nd4 17. Nxd4 exd4 18. Rf4 Be5 19. Rxf8+ Qxf8 20. Bg5 Bd7 21. Qd2 Qf3 22. Ng3 Rf8 23. Bh4 c5 24. Qe2 Qf4 25. Nf1 Qf7 26. Rd1 Kg7 27. Rd3 b5 28. b3 h6 29. Bg3 Bxg3 30. Nxg3 Re8 31. Rf3 Qe7 32. Qxe7+ Rxe7 33. Kf1 bxc4 34. bxc4 Ba4 35. Rd3 Bc2 36. Rd2 d3 37. f3 Kf6 38. Ne4+ Ke5 39. Kf2 Kd4 40. Nxd6 Rd7 41. Ne4 Kxc4 42. d6 Kd4 43. Kg3 c4 0-1

[Event "Zuerich op-B 29th"]
[Site "Zuerich"]
[Date "2005.12.27"]
[Round "2"]
[White "Fleischer, Eugen"]
[Black "Roelli, Corinne"]
[Result "0-1"]
[WhiteElo "1833"]
[BlackElo "2001"]
[PlyCount "48"]
[EventDate "2005.12.26"]
[EventType "swiss"]
[EventRounds "7"]
[EventCountry "SUI"]
[SourceTitle "CBM 110 Extra"]
[Source "ChessBase"]
[SourceDate "2006.03.10"]
[SourceVersion "2"]
[SourceVersionDate "2006.03.10"]
[SourceQuality "1"]

1. Nf3 c5 2. e4 e6 3. d4 cxd4 4. c3 dxc3 5. Nxc3 a6 6. Bc4 b5 7. Bb3 Bb7 8. 0-0 b4 9. Na4 Bxe4 10. Qe2 Bc6 11. Be3 Bb5 12. Qd2 Bxf1 13. Rxf1 Nc6 14. Rd1 d5 15. Nb6 Rb8 16. Nxd5 exd5 17. Bxd5 Nge7 18. Bxc6+ Nxc6 19. Qc1 Qc8 20. Bf4 Ra8 21. Qe3+ Be7 22. Bd6 0-0 23. Ng5 Bxg5 24. Qxg5 Rd8 0-1

[Event "Ascona Seniors op 4th"]
[Site "Ascona"]
[Date "2005.11.08"]
[Round "8"]
[White "Fleischer, Eugen"]
[Black "Schneider, Antonio"]
[Result "1-0"]
[WhiteElo "1843"]
[BlackElo "1942"]
[PlyCount "97"]
[EventDate "2005.10.31"]
[EventType "swiss"]
[EventRounds "9"]
[EventCountry "SUI"]
[SourceTitle "EXT 2007"]
[Source "ChessBase"]
[SourceDate "2006.11.23"]
[SourceVersion "1"]
[SourceVersionDate "2006.11.23"]
[SourceQuality "1"]

1. Nf3 Nf6 2. c4 c5 3. b3 e6 4. Bb2 Be7 5. d3 0-0 6. g3 Nc6 7. Bg2 Rb8 8. 0-0 b5 9. cxb5 Rxb5 10. Nc3 Rb8 11. Rc1 Nb4 12. Nd2 Bb7 13. a3 Nbd5 14. Na4 d6 15. d4 cxd4 16. Bxd4 Nb6 17. Nxb6 axb6 18. b4 b5 19. Nb3 Qd7 20. Bxb7 Rxb7 21. Qd3 Rfb8 22. Rc2 Bd8 23. Rfc1 e5 24. Bb2 Bb6 25. Qf3 h5 26. Kg2 Ng4 27. e3 f5 28. h3 Nf6 29. Qc6 Qe6 30. Nc5 Bxc5 31. bxc5 Rd7 32. Rd2 b4 33. axb4 Rxb4 34. Qc8+ Qe8 35. Qxe8+ Nxe8 36. Bxe5 Re4 37. c6 Rc7 38. Bd4 Kf7 39. Ra2 Ree7 40. Ra8 Ke6 41. Bb6 Nf6 42. Bxc7 Rxc7 43. Rb8 d5 44. Rb7 Kd6 45. Rxc7 Kxc7 46. Kf3 g5 47. h4 gxh4 48. gxh4 Ne4 49. Rc2 1-0

[Event "Ascona Seniors op 4th"]
[Site "Ascona"]
[Date "2005.11.05"]
[Round "5"]
[White "Germann, Josef"]
[Black "Fleischer, Eugen"]
[Result "1/2-1/2"]
[WhiteElo "2045"]
[BlackElo "1843"]
[PlyCount "50"]
[EventDate "2005.10.31"]
[EventType "swiss"]
[EventRounds "9"]
[EventCountry "SUI"]
[SourceTitle "EXT 2007"]
[Source "ChessBase"]
[SourceDate "2006.11.23"]
[SourceVersion "1"]
[SourceVersionDate "2006.11.23"]
[SourceQuality "1"]

1. e4 d6 2. d4 Nf6 3. Nc3 g6 4. f4 Bg7 5. Nf3 c5 6. dxc5 Qa5 7. Bd3 Qxc5 8. Qe2 Bg4 9. Be3 Qa5 10. 0-0 Nc6 11. h3 Bxf3 12. Qxf3 0-0 13. a3 Nd7 14. Rab1 a6 15. Kh1 Rac8 16. Bd2 Qd8 17. Ne2 b5 18. a4 bxa4 19. Bxa6 Rb8 20. Bc3 Qb6 21. Bxg7 Kxg7 22. Bc4 Qc5 23. Qc3+ Kg8 24. Ra1 Nb6 25. Bd3 Nb4 1/2-1/2

[Event "Ascona Seniors op 4th"]
[Site "Ascona"]
[Date "2005.11.01"]
[Round "2"]
[White "Ingold, Willi"]
[Black "Fleischer, Eugen"]
[Result "0-1"]
[WhiteElo "1705"]
[BlackElo "1843"]
[PlyCount "118"]
[EventDate "2005.10.31"]
[EventType "swiss"]
[EventRounds "9"]
[EventCountry "SUI"]
[SourceTitle "EXT 2007"]
[Source "ChessBase"]
[SourceDate "2006.11.23"]
[SourceVersion "1"]
[SourceVersionDate "2006.11.23"]
[SourceQuality "1"]

1. e4 d6 2. d4 Nf6 3. Nc3 g6 4. f4 Bg7 5. Be2 c5 6. dxc5 Qa5 7. Bb5+ Nc6 8. e5 dxe5 9. Nge2 0-0 10. 0-0 e4 11. a3 Bg4 12. b4 Nxb4 13. Rb1 Na6 14. h3 Bxe2 15. Nxe2 Nxc5 16. Bd2 Qc7 17. f5 Rad8 18. Qe1 Nd5 19. fxg6 hxg6 20. Nc3 Qe5 21. Nxd5 Qxd5 22. Be3 b6 23. Qe2 Ne6 24. Bc4 Qc6 25. Rbd1 Nd4 26. Bxd4 Rxd4 27. Bb3 Qc5 28. Rxd4 Qxd4+ 29. Kh1 e6 30. Rf4 Qa1+ 31. Rf1 Qxa3 32. Qxe4 Qd6 33. Qf3 Qe7 34. Qc6 Rd8 35. Qf3 b5 36. Qc6 Qd7 37. Qe4 a5 38. Qh4 b4 39. Re1 Bc3 40. Rf1 Kg7 41. Qf2 f6 42. Qe3 e5 43. Bc4 Qd4 44. Qf3 e4 45. Qe2 Qe5 46. Rd1 Rd4 47. Rxd4 Qxd4 48. Bb5 f5 49. h4 e3 50. g3 f4 51. Qf3 fxg3 52. Qb7+ Kh6 53. Qe7 Qd1+ 54. Kg2 Qxc2+ 55. Kxg3 Qf2+ 56. Kh3 Bf6 57. Qe4 b3 58. Bd3 Qf5+ 59. Kg3 Be5+ 0-1